[Event "Lichtenberger Sommer"]
[Site "Berlin"]
[Date "2009.08.18"]
[Round "4.96"]
[White "Jiranek, Benno"]
[Black "Dietzel, Uwe"]
[Result "0-1"]
[WhiteElo "1206"]
[BlackElo "1739"]
[PlyCount "80"]
[EventDate "2009.??.??"]
[WhiteTeam "SC Kreuzberg e.V."]
[BlackTeam "TSV Lichtentanne SAbt"]

1. d4 Nf6 2. c4 e6 3. Nc3 Bb4 4. Qc2 d6 5. a3 Bxc3+ 6. Qxc3 Nbd7 7. Nf3 Ne4 8.
Qe3 f5 9. Nd2 Ndf6 10. f3 Nxd2 11. Bxd2 Qe7 12. Qg5 Qf7 13. e3 b6 14. Bd3 O-O
15. O-O-O Bb7 16. h4 Nh5 17. e4 h6 18. Qe3 f4 19. Qg1 Ng3 20. Rh3 e5 21. Be1
Bc8 22. Rh2 c5 23. d5 Bd7 24. b3 a6 25. a4 h5 26. Kb2 Rfb8 27. Ra1 Rb7 28. Bxg3
fxg3 29. Rh1 Qf4 30. Rd1 b5 31. axb5 axb5 32. cxb5 Bxb5 33. Qe1 Bxd3 34. Rxd3
c4 35. Rc3 Rab8 36. Rxc4 Rxb3+ 37. Kc2 Rb2+ 38. Kd3 Rxg2 39. Rf1 Rbb2 40. Qe3
Rgd2+ 0-1

[Event "Lichtenberger Sommer"]
[Site "Berlin"]
[Date "2009.08.18"]
[Round "4.97"]
[White "Steppan, Siegfried"]
[Black "Küchler, Felix"]
[Result "1/2-1/2"]
[WhiteElo "1584"]
[BlackElo "1714"]
[PlyCount "55"]
[EventDate "2009.??.??"]
[WhiteTeam "SV Werder/H."]
[BlackTeam "SC Friesen Lichtenberg e.V."]

1. d4 d5 2. c4 e6 3. Nc3 Nf6 4. Bg5 Be7 5. Nf3 O-O 6. e3 b6 7. Rc1 Bb7 8. Bd3
dxc4 9. Bxc4 Nbd7 10. O-O c5 11. dxc5 Nxc5 12. Qe2 Qc7 13. Bf4 Qc8 14. Nb5 a6
15. Nd6 Bxd6 16. Bxd6 Re8 17. Bxc5 bxc5 18. Rfd1 Qb8 19. h3 Bxf3 20. gxf3 Qb6
21. Rd3 a5 22. Rcd1 Rab8 23. Rb3 Qc7 24. Rxb8 Rxb8 25. b3 h6 26. Qd2 Qb7 27. e4
Qb4 28. Qc1 1/2-1/2

[Event "Lichtenberger Sommer"]
[Site "Berlin"]
[Date "2009.08.18"]
[Round "4.98"]
[White "Pitz, Marko"]
[Black "Schröder, Gert"]
[Result "1-0"]
[WhiteElo "1478"]
[BlackElo "1154"]
[PlyCount "71"]
[EventDate "2009.??.??"]
[WhiteTeam "Greifswalder SV"]
[BlackTeam "SV Königsjäger Süd-West e.V."]

1. d4 g6 2. e4 Nc6 3. d5 Na5 4. b4 c6 5. Bb2 f6 6. Qd2 cxd5 7. exd5 Qb6 8. Bd4
Qd6 9. bxa5 Qxd5 10. Nf3 Bh6 11. Qc3 Bg7 12. Bc4 Qc6 13. O-O Kf8 14. Bb3 d6 15.
Qxc6 bxc6 16. Ba4 c5 17. Bc3 Nh6 18. Bc6 Rb8 19. Nbd2 Kf7 20. Rab1 Bf5 21. Ne4
Bxe4 22. Bxe4 g5 23. Rb7 Rxb7 24. Bxb7 Kg6 25. Rb1 e6 26. Ba6 Ng4 27. Rb7 e5
28. h3 Nh6 29. Bd3+ f5 30. g4 Rf8 31. Nxg5 Rf6 32. Rxa7 Kxg5 33. Rxg7+ Kf4 34.
g5 Re6 35. gxh6 e4 36. Bd2+ 1-0

[Event "Lichtenberger Sommer"]
[Site "Berlin"]
[Date "2009.08.18"]
[Round "4.99"]
[White "Gestrich, Wolfgang"]
[Black "Noakes, Günther"]
[Result "1-0"]
[WhiteElo "1723"]
[BlackElo "1059"]
[PlyCount "95"]
[EventDate "2009.??.??"]
[WhiteTeam "Potsdamer SV Mitte e.V."]
[BlackTeam "SF Hamburg eV 1934"]

1. c4 e5 2. Nc3 Nf6 3. g3 Bb4 4. Bg2 Bxc3 5. bxc3 O-O 6. Rb1 c6 7. d3 d6 8. e4
Qa5 9. Qc2 b5 10. cxb5 cxb5 11. Ne2 Bd7 12. Bg5 Ne8 13. Be7 Bc6 14. Bxf8 Kxf8
15. O-O Nf6 16. h3 Nbd7 17. Kh2 Rc8 18. c4 bxc4 19. Qxc4 Nb6 20. Qb4 Qxb4 21.
Rxb4 Bd7 22. Rc1 Ra8 23. Rb3 Be6 24. Ra3 Nh5 25. Rc6 Nc8 26. Rac3 Ke7 27. d4
Bd7 28. Rc7 Kd8 29. dxe5 dxe5 30. R7c5 f6 31. Rd3 g6 32. Rcd5 Nb6 33. Ra5 Ng7
34. Rb3 Bc6 35. Rd3+ Ke7 36. Nc3 Ne6 37. Nd5+ Bxd5 38. exd5 Nd8 39. d6+ Kd7 40.
Bxa8 Nxa8 41. Rxa7+ Kc6 42. Rxa8 Nb7 43. Ra6+ Kb5 44. Ra7 Kb6 45. Raa3 Kc6 46.
d7 Kc7 47. Rac3+ Kd8 48. Rc8+ 1-0

[Event "Lichtenberger Sommer"]
[Site "Berlin"]
[Date "2009.08.18"]
[Round "4.100"]
[White "Berg, Gerd"]
[Black "Lischeid, Kilian"]
[Result "0-1"]
[WhiteElo "1657"]
[BlackElo "879"]
[PlyCount "50"]
[EventDate "2009.??.??"]
[WhiteTeam "SK König Tegel 1949 e.V."]
[BlackTeam "SC Friesen Lichtenberg e.V."]

1. c4 e5 2. Nc3 Nf6 3. d3 Bb4 4. Bd2 O-O 5. a3 Ba5 6. b4 Bxb4 7. axb4 Nc6 8. b5
Nd4 9. g3 d5 10. Bg5 dxc4 11. dxc4 Bf5 12. e4 Bg6 13. Nd5 c6 14. Bxf6 gxf6 15.
Nc3 cxb5 16. cxb5 Rc8 17. Rc1 Qa5 18. Kd2 Rfd8 19. Bd3 Nxb5 20. Nge2 Bxe4 21.
Nf4 Nxc3 22. Qg4+ Bg6 23. Nxg6 hxg6 24. Rxc3 Qxc3+ 25. Ke2 Qxd3+ 0-1

[Event "Lichtenberger Sommer"]
[Site "Berlin"]
[Date "2009.08.18"]
[Round "4.101"]
[White "Boeck, Rüdiger"]
[Black "Lippianowski, Stefan"]
[Result "1-0"]
[WhiteElo "1655"]
[BlackElo "936"]
[PlyCount "65"]
[EventDate "2009.??.??"]
[WhiteTeam "SC Weisse Dame Ulm e.V."]
[BlackTeam "Treptower SV 1949 e.V."]

1. e4 e5 2. Nf3 Nc6 3. Bc4 Nf6 4. d3 Bc5 5. Bg5 h6 6. Bh4 g5 7. Bg3 d6 8. h3
Qe7 9. a3 Be6 10. Bb5 a6 11. Bxc6+ bxc6 12. c4 Nh5 13. Nc3 Nf4 14. Bxf4 exf4
15. Qe2 Kd7 16. d4 Bb6 17. d5 cxd5 18. cxd5 Bf5 19. exf5 Qxe2+ 20. Kxe2 Rae8+
21. Kf1 f6 22. g4 Rb8 23. b4 a5 24. bxa5 Bxa5 25. Ne4 Ke7 26. Nd4 Kf7 27. h4
Rbe8 28. f3 Bb6 29. Ne6 Ke7 30. hxg5 hxg5 31. Kg2 Rxh1 32. Rxh1 Ra8 33. Rh7+
1-0

[Event "Lichtenberger Sommer"]
[Site "Berlin"]
[Date "2009.08.18"]
[Round "4.102"]
[White "Fege, Julian"]
[Black "Tschirschwitz, Stephan"]
[Result "1-0"]
[WhiteElo "1007"]
[BlackElo "1561"]
[PlyCount "63"]
[EventDate "2009.??.??"]
[WhiteTeam "SC Friesen Lichtenberg e.V."]
[BlackTeam "SG Lasker Steglitz-Wilmersdorf"]

1. e4 c5 2. Nf3 Nc6 3. d4 cxd4 4. Nxd4 e6 5. Nc3 a6 6. Bf4 Bc5 7. Nxc6 Qb6 8.
Qd2 bxc6 9. e5 Qd8 10. Ne4 Qb6 11. O-O-O Rb8 12. b3 Qb4 13. Qxb4 Rxb4 14. Bc4
Be7 15. c3 Rb8 16. Rd3 Ra8 17. Rhd1 Nh6 18. Bg5 Bxg5+ 19. Nxg5 O-O 20. g3 a5
21. Ne4 Ba6 22. Bxa6 Rxa6 23. Rxd7 Ng4 24. h3 Nxe5 25. Rc7 a4 26. Nc5 Ra5 27.
Nxa4 Rd5 28. Rxd5 exd5 29. Nc5 Rd8 30. a4 d4 31. cxd4 Rxd4 32. Rc8+ 1-0

[Event "Lichtenberger Sommer"]
[Site "Berlin"]
[Date "2009.08.19"]
[Round "5.1"]
[White "Klundt, Klaus"]
[Black "Kachibadze, Georg"]
[Result "1/2-1/2"]
[WhiteElo "2333"]
[BlackElo "2224"]
[PlyCount "68"]
[EventDate "2009.??.??"]
[WhiteTeam "vereinslos"]
[BlackTeam "SK König Tegel 1949 e.V."]

1. e4 c5 2. Nf3 d6 3. d4 cxd4 4. Nxd4 Nf6 5. Nc3 a6 6. f4 g6 7. Bd3 Bg7 8. Nf3
O-O 9. O-O Qc7 10. Kh1 Nbd7 11. Qe1 Nc5 12. Qh4 e6 13. e5 Ne8 14. Ng5 h6 15.
Nge4 Nxd3 16. cxd3 f5 17. exf6 Nxf6 18. Nxf6+ Rxf6 19. Be3 Rf7 20. Rac1 Qe7 21.
Qg3 Kh7 22. Na4 Qd8 23. Nb6 Rb8 24. b3 Bd7 25. Nxd7 Qxd7 26. Rc4 b5 27. Rcc1
Rbf8 28. Qg4 Rf5 29. Qe2 Qb7 30. Bd2 e5 31. fxe5 Rxf1+ 32. Rxf1 Rxf1+ 33. Qxf1
dxe5 34. h3 Qd5 1/2-1/2

[Event "Lichtenberger Sommer"]
[Site "Berlin"]
[Date "2009.08.19"]
[Round "5.2"]
[White "Sieglen, Joachim"]
[Black "Meister, Jakob"]
[Result "1-0"]
[WhiteElo "2339"]
[BlackElo "2484"]
[PlyCount "75"]
[EventDate "2009.??.??"]
[WhiteTeam "SV Marbach"]
[BlackTeam "SK Zehlendorf e.V."]

1. d4 d5 2. c4 dxc4 3. Nf3 Nf6 4. e3 g6 5. Bxc4 Bg7 6. O-O O-O 7. Nc3 c5 8. d5
Bg4 9. h3 Bxf3 10. Qxf3 Ne8 11. Qe2 Nd6 12. a4 Nd7 13. e4 f5 14. exf5 Rxf5 15.
Bd3 Re5 16. Be3 Nb6 17. Qg4 Nd7 18. Bf4 Rh5 19. Rfe1 Nf5 20. Qe2 Kh8 21. Rad1
Qf8 22. Bh2 Nf6 23. Bxf5 Rxf5 24. g4 Nxg4 25. hxg4 Rf7 26. Nb5 Bf6 27. Bg3 Qh6
28. d6 exd6 29. Nxd6 Rff8 30. Kg2 b6 31. Qe3 Qxe3 32. Rxe3 Bxb2 33. Re7 Kg8 34.
g5 Bg7 35. Rc7 h6 36. gxh6 Bxh6 37. Be5 Rad8 38. Rh1 1-0

[Event "Lichtenberger Sommer"]
[Site "Berlin"]
[Date "2009.08.19"]
[Round "5.3"]
[White "Kalinitschew, Sergey"]
[Black "Plump, Detlef"]
[Result "1-0"]
[WhiteElo "2488"]
[BlackElo "2256"]
[PlyCount "149"]
[EventDate "2009.??.??"]
[WhiteTeam "SK Zehlendorf e.V."]
[BlackTeam "Chessclub York"]

1. d4 Nf6 2. c4 e6 3. Nc3 Bb4 4. Qc2 c5 5. dxc5 Bxc5 6. Nf3 a6 7. Bg5 Be7 8. e4
d6 9. Rd1 Qc7 10. Be2 Nbd7 11. O-O O-O 12. Nd4 Re8 13. f4 b6 14. f5 Ne5 15.
fxe6 fxe6 16. b3 Bd7 17. Qd2 Rac8 18. a4 Rcd8 19. Kh1 Rf8 20. h3 Rf7 21. Bf4
Bc8 22. Bh2 Rdf8 23. Rfe1 Ne8 24. Bg3 g6 25. Qe3 Kg7 26. Nf3 h6 27. Bf2 Bd8 28.
Bg1 Nf6 29. Nxe5 dxe5 30. c5 bxc5 31. Qxc5 Qxc5 32. Bxc5 Be7 33. Bxe7 Rxe7 34.
Rd6 Rd7 35. Rxd7+ Nxd7 36. b4 Kf6 37. Rf1+ Ke7 38. Rxf8 Kxf8 39. Kg1 Ke7 40.
Kf2 Kd6 41. Ke3 Bb7 42. a5 Nb8 43. Bd3 Nc6 44. Na2 Nd4 45. Kd2 Bc8 46. Kc3 Bb7
47. Kb2 Nc6 48. Ka3 Nb8 49. Nc1 Nd7 50. Nb3 Bc8 51. Kb2 Bb7 52. Kc3 Bc8 53. Nd2
Bb7 54. Be2 Kc7 55. h4 Kd6 56. g4 Bc8 57. g5 hxg5 58. hxg5 Bb7 59. Bd3 Bc8 60.
Nc4+ Ke7 61. Nd2 Bb7 62. Be2 Kd6 63. Kd3 Bc6 64. Ke3 Bb7 65. Bd3 Ke7 66. b5
axb5 67. Bxb5 Nc5 68. Bd3 Kd8 69. Nf3 Nd7 70. a6 Ba8 71. Bb5 Nc5 72. Nxe5 Kc7
73. Bd3 Kd6 74. Nxg6 e5 75. Nh4 1-0

[Event "Lichtenberger Sommer"]
[Site "Berlin"]
[Date "2009.08.19"]
[Round "5.4"]
[White "Von Herman, Ulf"]
[Black "Magnussen, Helge"]
[Result "1-0"]
[WhiteElo "2400"]
[BlackElo "2056"]
[PlyCount "57"]
[EventDate "2009.??.??"]
[WhiteTeam "SK König Tegel 1949 e.V."]
[BlackTeam "SV Empor Berlin e.V."]

1. d4 Nf6 2. Nf3 e6 3. c4 d5 4. Nc3 c6 5. e3 Nbd7 6. Qc2 Bd6 7. g4 Nxg4 8. Rg1
Qf6 9. Rxg4 Qxf3 10. Rxg7 Nf8 11. Rg1 Bxh2 12. Be2 Qf6 13. Rg2 Bd6 14. Bd2 dxc4
15. Ne4 Qe7 16. Qxc4 Bd7 17. O-O-O a5 18. Kb1 Bc7 19. Nc5 Rb8 20. e4 e5 21. Bg5
f6 22. Bh5+ Ng6 23. dxe5 b5 24. Qc3 Bxe5 25. Qe3 Rd8 26. Bh6 Bc8 27. Rgg1 Bd6
28. Rxg6 Bxc5 29. Rg8# 1-0

[Event "Lichtenberger Sommer"]
[Site "Berlin"]
[Date "2009.08.19"]
[Round "5.5"]
[White "Brüdigam, Martin"]
[Black "Carlstedt, Jonathan"]
[Result "1/2-1/2"]
[WhiteElo "2249"]
[BlackElo "2309"]
[PlyCount "47"]
[EventDate "2009.??.??"]
[WhiteTeam "USV Potsdam e.V., Abt. Schach"]
[BlackTeam "Hamburger SK von 1830 eV"]

1. e4 c5 2. Nf3 d6 3. c3 Nf6 4. Be2 e5 5. O-O Be7 6. Re1 Nc6 7. d4 cxd4 8. cxd4
Bg4 9. Be3 exd4 10. Nxd4 Bxe2 11. Qxe2 O-O 12. Nc3 Re8 13. Rad1 Qa5 14. Qb5 Qc7
15. Nf5 Bf8 16. Bg5 Re5 17. Qd3 Nxe4 18. Rxe4 Rxf5 19. Rh4 g6 20. Nd5 Qd7 21.
Nf6+ Rxf6 22. Bxf6 Qe6 23. Bc3 Qxa2 24. Qh3 1/2-1/2

[Event "Lichtenberger Sommer"]
[Site "Berlin"]
[Date "2009.08.19"]
[Round "5.6"]
[White "Meißner, Hans-Jürgen"]
[Black "Bach, Matthias"]
[Result "1-0"]
[WhiteElo "2213"]
[BlackElo "2307"]
[PlyCount "97"]
[EventDate "2009.??.??"]
[WhiteTeam "SV Empor Berlin e.V."]
[BlackTeam "Hamburger SK von 1830 eV"]

1. d4 Nf6 2. Nf3 c5 3. d5 e6 4. Nc3 b5 5. Bg5 b4 6. Ne4 Bb7 7. c4 bxc3 8. Bxf6
gxf6 9. Nxc3 Qb6 10. Qd2 Na6 11. e4 Rg8 12. g3 f5 13. exf5 Nb4 14. Bc4 Rg4 15.
b3 exd5 16. Nxd5 Nxd5 17. Bxd5 Bh6 18. Qe2+ Kf8 19. Ne5 Qb4+ 20. Kf1 Bxd5 21.
Nxd7+ Kg7 22. Qe5+ f6 23. Qxd5 Rd8 24. Rd1 Rd4 25. Rxd4 Qxd4 26. Qxd4 cxd4 27.
Nc5 Rd5 28. Nd3 Rxf5 29. Kg2 Bd2 30. Rd1 Bc3 31. Nf4 Ra5 32. a4 Kf7 33. Ne2 Ra6
34. Nxc3 dxc3 35. Rd7+ Kg6 36. Rc7 Rb6 37. Rxc3 a5 38. Rc5 Rxb3 39. Rxa5 Ra3
40. g4 Kg7 41. f3 Ra1 42. h4 h5 43. Rxh5 Rxa4 44. Rb5 Rc4 45. Rb7+ Kh6 46. Kg3
Rc6 47. h5 Rd6 48. Rf7 Rc6 49. Kh4 1-0

[Event "Lichtenberger Sommer"]
[Site "Berlin"]
[Date "2009.08.19"]
[Round "5.7"]
[White "Neffe, Axel"]
[Black "Giemsa, Stephan"]
[Result "1/2-1/2"]
[WhiteElo "2235"]
[BlackElo "2301"]
[PlyCount "25"]
[EventDate "2009.??.??"]
[WhiteTeam "Queer-Springer SSV Berlin"]
[BlackTeam "SK König Tegel 1949 e.V."]

1. d4 Nf6 2. c4 g6 3. Nc3 d5 4. Nf3 Bg7 5. Qb3 dxc4 6. Qxc4 O-O 7. e4 Nc6 8.
Be2 Nd7 9. Be3 Nb6 10. Qc5 Nd7 11. Qc4 Nb6 12. Qc5 Nd7 13. Qc4 1/2-1/2

[Event "Lichtenberger Sommer"]
[Site "Berlin"]
[Date "2009.08.19"]
[Round "5.8"]
[White "Elsing, Jan"]
[Black "Richter, Michael"]
[Result "0-1"]
[WhiteElo "2151"]
[BlackElo "2427"]
[PlyCount "73"]
[EventDate "2009.??.??"]
[WhiteTeam "SC Friesen Lichtenberg e.V."]
[BlackTeam "Schachpinguine Berlin e.V."]

1. e4 d5 2. exd5 Qxd5 3. Nc3 Qd6 4. d4 Nf6 5. Nge2 c6 6. g3 Bf5 7. Bg2 e6 8.
O-O Be7 9. h3 Nbd7 10. Bf4 Qb4 11. Qd2 O-O 12. b3 Rac8 13. a3 Qb6 14. Na4 Qa6
15. c4 Rfd8 16. Qb2 b5 17. cxb5 cxb5 18. Nac3 Nb6 19. Rfc1 h6 20. Be3 Nbd5 21.
a4 b4 22. Nxd5 Nxd5 23. Rxc8 Rxc8 24. Rc1 Rxc1+ 25. Nxc1 Qc8 26. Qd2 Nxe3 27.
Qxe3 Bg5 28. f4 Bf6 29. Ne2 Qc2 30. d5 exd5 31. g4 Be6 32. Kh2 d4 33. Nxd4 Qc5
34. Nf5 Qxe3 35. Nxe3 Bxb3 36. Nd5 a5 37. Nxf6+ 0-1

[Event "Lichtenberger Sommer"]
[Site "Berlin"]
[Date "2009.08.19"]
[Round "5.9"]
[White "Rabiega, Robert"]
[Black "Neumann, Joachim"]
[Result "1-0"]
[WhiteElo "2551"]
[BlackElo "2191"]
[PlyCount "73"]
[EventDate "2009.??.??"]
[WhiteTeam "SK König Tegel 1949 e.V."]
[BlackTeam "Kieler SG von 1884 / Meerbauer"]

1. e4 c5 2. Nf3 Nc6 3. c3 Nf6 4. e5 Nd5 5. Bc4 Nb6 6. Bb3 c4 7. Bc2 d6 8. exd6
exd6 9. O-O Be7 10. d3 Be6 11. dxc4 Nxc4 12. Re1 N4e5 13. Nd4 Nxd4 14. cxd4 Ng6
15. d5 Bd7 16. Qe2 f5 17. Bg5 Kf7 18. Bxe7 Qxe7 19. Qd2 Qf6 20. Nc3 Rhe8 21. f4
Rxe1+ 22. Rxe1 Re8 23. Rxe8 Bxe8 24. g3 Bd7 25. Qe3 b6 26. a4 Ne7 27. Bd3 Ng6
28. Kf2 Nf8 29. a5 Qe7 30. Qd4 g5 31. axb6 axb6 32. fxg5 Qxg5 33. Qxb6 Qd2+ 34.
Be2 f4 35. Ne4 fxg3+ 36. hxg3 Qxd5 37. Bc4 1-0

[Event "Lichtenberger Sommer"]
[Site "Berlin"]
[Date "2009.08.19"]
[Round "5.10"]
[White "Muse, Drazen"]
[Black "Zschäbitz, Klaus"]
[Result "1/2-1/2"]
[WhiteElo "2374"]
[BlackElo "2101"]
[PlyCount "172"]
[EventDate "2009.??.??"]
[WhiteTeam "SK König Tegel 1949 e.V."]
[BlackTeam "BSG 1827 Eckbauer e.V."]

1. d4 e6 2. c4 Nf6 3. Nf3 d5 4. Nc3 dxc4 5. Qa4+ Nbd7 6. e4 a6 7. Bf4 Be7 8.
Rd1 O-O 9. Qxc4 b5 10. Qxc7 Qxc7 11. Bxc7 b4 12. Na4 Nxe4 13. Bd3 Bb7 14. O-O
Rac8 15. Ba5 Nef6 16. Ne5 Nxe5 17. dxe5 Nd5 18. Rfe1 Bd8 19. Bxd8 Rfxd8 20. Be4
Kf8 21. g3 Ke7 22. h4 h6 23. Rc1 Rd7 24. Rxc8 Bxc8 25. Rc1 Rc7 26. Rc5 Rxc5 27.
Nxc5 Nb6 28. f4 a5 29. b3 Nd7 30. Na4 f6 31. exf6+ Nxf6 32. Bd3 Nd5 33. Bc4 Kd6
34. Kf2 Bd7 35. Nb2 Nc3 36. Bd3 Kc5 37. Ke3 Nxa2 38. Bc4 Nc3 39. Nd3+ Kd6 40.
Ne5 a4 41. bxa4 Bxa4 42. Nd3 Nd1+ 43. Kd2 h5 44. Ba2 Bb5 45. Nxb4 Nf2 46. Ke3
Ng4+ 47. Kf3 Kc5 48. Nc2 Bc6+ 49. Ke2 Bb5+ 50. Kf3 Bc6+ 51. Ke2 Bb5+ 52. Kd2 e5
53. fxe5 Nxe5 54. Ke3 Bd7 55. Kf4 Ng4 56. Bf7 Nf6 57. Ne1 Kd6 58. Nd3 Ke7 59.
Bg6 Be8 60. Bf5 g6 61. Bc8 Kf7 62. Nc5 Kg7 63. Ne6+ Kh6 64. Ke5 Ng4+ 65. Kd6
Ne3 66. Ke5 Ng4+ 67. Kf4 Nf6 68. Nc5 Kg7 69. Be6 Bf7 70. Bh3 Ba2 71. Ke5 Bc4
72. Kd4 Ba2 73. Bf1 g5 74. hxg5 Nh7 75. Ne4 Bb1 76. Nd2 Bc2 77. Be2 Kg6 78. Nf3
Nxg5 79. Nh4+ Kh6 80. Ke5 Nh7 81. Ng2 Bb1 82. Nf4 Bg6 83. Nxg6 Kxg6 84. Bd3+
Kh6 85. Bxh7 Kxh7 86. Kf5 h4 1/2-1/2

[Event "Lichtenberger Sommer"]
[Site "Berlin"]
[Date "2009.08.19"]
[Round "5.11"]
[White "Hertwig, Christopher"]
[Black "Solonar, Stefan"]
[Result "1/2-1/2"]
[WhiteElo "2063"]
[BlackElo "2364"]
[PlyCount "73"]
[EventDate "2009.??.??"]
[WhiteTeam "SK König Tegel 1949 e.V."]
[BlackTeam "SC Heusenstamm"]

1. e4 c5 2. Nf3 Nc6 3. d4 cxd4 4. Nxd4 e5 5. Nb5 d6 6. N5c3 a6 7. Na3 b5 8. Nd5
Be7 9. Bd3 Nf6 10. c3 O-O 11. Nxf6+ Bxf6 12. O-O Ne7 13. Nc2 Bb7 14. Ne3 Bg5
15. Qg4 Ng6 16. g3 Bc8 17. Nf5 Bxc1 18. Raxc1 Qf6 19. Rfd1 Ne7 20. Nxe7+ Qxe7
21. Qe2 Bb7 22. Bc2 Kh8 23. Bb3 f5 24. f3 fxe4 25. fxe4 Qg5 26. Rf1 Rf4 27.
Rcd1 Qg6 28. Bd5 Bxd5 29. Rxd5 Rxf1+ 30. Qxf1 Qxe4 31. Rxd6 Kg8 32. Qd1 Qe3+
33. Kg2 Rf8 34. Rd8 Qf2+ 35. Kh3 Qf5+ 36. Kg2 Qf2+ 37. Kh3 1/2-1/2

[Event "Lichtenberger Sommer"]
[Site "Berlin"]
[Date "2009.08.19"]
[Round "5.12"]
[White "Petersen, Soren Boeck"]
[Black "Welz, Peter"]
[Result "1-0"]
[WhiteElo "2263"]
[BlackElo "2101"]
[PlyCount "35"]
[EventDate "2009.??.??"]
[WhiteTeam "Danmarks Radio Skakklub"]
[BlackTeam "SV Empor Berlin e.V."]

1. e4 e6 2. d4 d5 3. e5 c5 4. c3 Nc6 5. Nf3 Qb6 6. Be2 Nh6 7. Bxh6 Qxb2 8. Be3
Qxa1 9. Qc2 a5 10. O-O cxd4 11. Nxd4 Nb4 12. cxb4 axb4 13. Bb5+ Bd7 14. Bxd7+
Kxd7 15. Rc1 Qxa2 16. Qc7+ Ke8 17. Nb5 Qa6 18. Nd6+ 1-0

[Event "Lichtenberger Sommer"]
[Site "Berlin"]
[Date "2009.08.19"]
[Round "5.13"]
[White "Poseck, Steffen"]
[Black "Syska, Albert"]
[Result "0-1"]
[WhiteElo "2105"]
[BlackElo "2268"]
[PlyCount "96"]
[EventDate "2009.??.??"]
[WhiteTeam "BSV 63 Chemie Weißensee"]
[BlackTeam "SK 1879 HD-Handschuhsheim"]

1. c4 f5 2. g3 Nf6 3. Nf3 b6 4. Bg2 Bb7 5. O-O e6 6. b3 Be7 7. Bb2 O-O 8. d3
Qc8 9. Nbd2 a5 10. a3 Na6 11. Qc2 d6 12. Nd4 Bxg2 13. Kxg2 e5 14. Nb5 Qb7+ 15.
Kg1 c6 16. Nc3 d5 17. e3 d4 18. Ne2 c5 19. e4 fxe4 20. Nxe4 Nxe4 21. dxe4 Rf3
22. Nc1 Bg5 23. Re1 Bxc1 24. Bxc1 Raf8 25. Ra2 Qf7 26. Rb2 Qh5 27. Qe2 g5 28.
Qd2 h6 29. h4 Kh7 30. hxg5 Rg8 31. Kg2 Qg4 32. Rh1 Qxe4 33. Rh4 Rf4+ 34. f3
Qxf3+ 35. Kh2 Rxh4+ 36. gxh4 hxg5 37. Rb1 Qf4+ 38. Qxf4 gxf4 39. Rb2 Kg6 40.
Rg2+ Kf7 41. h5 Rh8 42. Rg5 Kf6 43. Rg6+ Kf5 44. Rxb6 Rxh5+ 45. Kg2 Rg5+ 46.
Kf2 Rg6 47. Rxg6 Kxg6 48. Bd2 a4 0-1

[Event "Lichtenberger Sommer"]
[Site "Berlin"]
[Date "2009.08.19"]
[Round "5.14"]
[White "Püschel, Werner"]
[Black "Reichenbach, Werner"]
[Result "1-0"]
[WhiteElo "2167"]
[BlackElo "2297"]
[PlyCount "95"]
[EventDate "2009.??.??"]
[WhiteTeam "SG Lasker Steglitz-Wilmersdorf"]
[BlackTeam "SK Zehlendorf e.V."]

1. e4 Nf6 2. d3 e5 3. Nf3 Nc6 4. c3 d5 5. Qc2 Bg4 6. Nbd2 Be7 7. Be2 O-O 8. h3
Be6 9. Ng5 Bd7 10. Ngf3 Re8 11. a3 a5 12. b3 Bd6 13. O-O g6 14. Re1 Bf8 15. Nf1
h6 16. Ng3 Bg7 17. Bf1 Be6 18. Bb2 dxe4 19. dxe4 Nd7 20. Nd2 Qe7 21. a4 Qf6 22.
Rad1 Bf8 23. Bc4 Bc5 24. Rf1 Nb6 25. Bxe6 Rxe6 26. Nf3 Rd8 27. Rxd8+ Nxd8 28.
Bc1 Bf8 29. Be3 Re8 30. Rd1 Ne6 31. Qe2 Nf4 32. Qb5 Re6 33. Kh2 Kh7 34. Qxa5
Rd6 35. Rxd6 Bxd6 36. Qb5 Qe7 37. a5 Nd7 38. Qxb7 Ne6 39. a6 Nec5 40. Qb5 c6
41. Qa5 Qe8 42. b4 Ne6 43. b5 Ndc5 44. b6 Qa8 45. a7 f6 46. Qa2 Kg7 47. Nd2 Be7
48. b7 1-0

[Event "Lichtenberger Sommer"]
[Site "Berlin"]
[Date "2009.08.19"]
[Round "5.15"]
[White "Albrecht, Rainer"]
[Black "Schindler, Samuel"]
[Result "1/2-1/2"]
[WhiteElo "2141"]
[BlackElo "2260"]
[PlyCount "46"]
[EventDate "2009.??.??"]
[WhiteTeam "SC Kreuzberg e.V."]
[BlackTeam "SC Pfullendorf"]

1. c4 c6 2. g3 d5 3. Nf3 dxc4 4. Bg2 b5 5. a4 Bb7 6. b3 cxb3 7. Qxb3 a6 8. axb5
axb5 9. Rxa8 Bxa8 10. Ba3 Nd7 11. d4 e6 12. Nc3 b4 13. Bxb4 Qb6 14. Na2 c5 15.
dxc5 Bxc5 16. O-O Ngf6 17. Qc2 O-O 18. Bxc5 Nxc5 19. Nc3 Rc8 20. Na4 Qb4 21.
Rc1 Nfd7 22. Nd2 Bxg2 23. Kxg2 Rf8 1/2-1/2

[Event "Lichtenberger Sommer"]
[Site "Berlin"]
[Date "2009.08.19"]
[Round "5.16"]
[White "Keil, Uwe"]
[Black "Rietze, Clemens"]
[Result "1-0"]
[WhiteElo "2141"]
[BlackElo "2192"]
[PlyCount "117"]
[EventDate "2009.??.??"]
[WhiteTeam "SC Friesen Lichtenberg e.V."]
[BlackTeam "USV Potsdam e.V., Abt. Schach"]

1. c4 Nf6 2. Nc3 d5 3. cxd5 Nxd5 4. g3 g6 5. Bg2 Nb6 6. d3 Bg7 7. Nf3 Nc6 8.
Be3 O-O 9. Qd2 e5 10. O-O Nd4 11. Rac1 Bg4 12. Rfe1 c6 13. Ne4 Nd5 14. Nxd4
exd4 15. Bh6 Re8 16. Bxg7 Kxg7 17. h3 Bc8 18. b4 a5 19. a3 axb4 20. axb4 Qb6
21. Rc4 Rd8 22. Qb2 Nc7 23. Nc5 Ne6 24. Ra1 Rxa1+ 25. Qxa1 f6 26. h4 Nxc5 27.
bxc5 Qb3 28. Bf3 h5 29. Rxd4 Rxd4 30. Qxd4 Qd1+ 31. Kg2 Qc2 32. Qd6 Bg4 33.
Qe7+ Kh6 34. Qf8+ Kh7 35. Qf7+ Kh6 36. Bxg4 hxg4 37. Qf8+ Kh7 38. Qe7+ Kh6 39.
Qe3+ Kh7 40. Qe7+ Kh6 41. h5 gxh5 42. Qxf6+ Kh7 43. Qf5+ Kh6 44. Qf6+ Kh7 45.
Qe7+ Kh6 46. f4 gxf3+ 47. Kxf3 Qb1 48. Qe3+ Kg6 49. Kf4 Qf1+ 50. Ke4 Qf5+ 51.
Kd4 Qd5+ 52. Kc3 Qd8 53. Qe4+ Kh6 54. Qf4+ Kh7 55. Qf7+ Kh6 56. Qxb7 Qd5 57.
Qe7 Qg2 58. Qe3+ Kh7 59. Qe4+ 1-0

[Event "Lichtenberger Sommer"]
[Site "Berlin"]
[Date "2009.08.19"]
[Round "5.17"]
[White "Heuser, Philip"]
[Black "Escher, Clemens"]
[Result "1/2-1/2"]
[WhiteElo "2081"]
[BlackElo "2193"]
[PlyCount "109"]
[EventDate "2009.??.??"]
[WhiteTeam "SG Heidelberg-Kirchheim"]
[BlackTeam "SK König Tegel 1949 e.V."]

1. d4 d5 2. c4 c6 3. Nc3 Nf6 4. cxd5 cxd5 5. Bf4 Nc6 6. e3 a6 7. Bd3 Bg4 8. f3
Bd7 9. Nge2 e6 10. Bg3 Be7 11. O-O O-O 12. Kh1 b5 13. Rc1 b4 14. Na4 Qa5 15.
Nc5 Rfc8 16. Bb1 Be8 17. Rc2 Na7 18. Nc1 Bb5 19. Rg1 Qb6 20. N1d3 a5 21. Qd2
Bxd3 22. Nxd3 Rxc2 23. Bxc2 Rc8 24. Ba4 Nb5 25. Rc1 Rc4 26. Ne5 Rxc1+ 27. Qxc1
Nd6 28. Qc6 Qd8 29. Kg1 Kf8 30. Be1 Qc8 31. Qxc8+ Nxc8 32. Nc6 Nb6 33. Bb5 Ne8
34. Nxa5 Nd6 35. Ba6 Ndc4 36. Bxc4 dxc4 37. Nc6 Nd5 38. e4 c3 39. bxc3 Nxc3 40.
Na5 Nxa2 41. Nb3 Ke8 42. Kf1 Kd7 43. Ke2 Kc6 44. Kd3 Kb5 45. Bd2 Bd6 46. h3 Ka4
47. Kc4 Ka3 48. Bc1+ Nxc1 49. Nxc1 Kb2 50. Nd3+ Ka3 51. e5 Be7 52. Nc1 Kb2 53.
Nd3+ Ka3 54. Nc1 Kb2 55. Nd3+ 1/2-1/2

[Event "Lichtenberger Sommer"]
[Site "Berlin"]
[Date "2009.08.19"]
[Round "5.19"]
[White "Kohler, Thomas"]
[Black "Cremer, Jan Paul"]
[Result "1-0"]
[WhiteElo "2241"]
[BlackElo "1859"]
[PlyCount "65"]
[EventDate "2009.??.??"]
[WhiteTeam "SC Zitadelle Spandau 1977 e.V."]
[BlackTeam "Schachpinguine Berlin e.V."]

1. c4 Nf6 2. Nc3 g6 3. e4 d6 4. d4 Bg7 5. Be2 O-O 6. Bg5 c5 7. d5 e6 8. Qd2
exd5 9. exd5 Re8 10. Nf3 a6 11. a4 Nbd7 12. O-O Ne5 13. Nxe5 Rxe5 14. Bd3 Bd7
15. Bf4 Re8 16. Bxd6 Rc8 17. Bf4 b5 18. axb5 axb5 19. cxb5 c4 20. Bc2 Qb6 21.
Ra6 Qb7 22. Rfa1 Ra8 23. Rxa8 Rxa8 24. Rxa8+ Qxa8 25. b6 Qa1+ 26. Bd1 Qa6 27.
Bc7 Ne8 28. d6 Bxc3 29. bxc3 Nf6 30. Qd4 Ng4 31. h3 Nh6 32. Bf3 Nf5 33. Qf6 1-0